Beatles: Album Names and One Song from each Album - Statistics

General Stats
  • This quiz has been taken 862 times
  • The average score is 23 of 28
Answer Stats
ANSWER % Correct
95%
The Beatles
95%
Abbey Road
94%
Revolver
93%
Let It Be
92%
90%
Rubber Soul
90%
Sgt. Pepper's Lonely Hearts Club Band
90%
Help!
89%
Please Please Me
89%
88%
87%
Magical Mystery Tour
86%
Yellow Submarine
86%
85%
With the Beatles
85%
84%
83%
83%
82%
A Hard Day's Night
82%
Beatles for Sale
80%
73%
72%
71%
70%
66%
Past Masters
49%
No matching quizzes found
Score Distribution
Percent of People with Each Score
Percentile by Number Answered
Your Score History
You have not taken this quiz